1967 steam charts (Record no. 20544)

000 -LEADER
fixed length control field 00500nam a22001931 4500
001 - CONTROL NUMBER
control field 20544
003 - CONTROL NUMBER IDENTIFIER
control field BD-DhUET
008 - FIXED-LENGTH DATA ELEMENTS--GENERAL INFORMATION
fixed length control field 700914s1968 nyua 000 0 eng
020 ## - INTERNATIONAL STANDARD BOOK NUMBER
International Standard Book Number 0713130458
040 ## - CATALOGING SOURCE
Original cataloging agency DLC
Transcribing agency DLC
Modifying agency BD-DhUET
082 ## - DEWEY DECIMAL CLASSIFICATION NUMBER
Classification number 621.101084
Item number ELE/1967
110 ## - MAIN ENTRY--CORPORATE NAME
Corporate name or jurisdiction name as entry element Electrical Research Association
245 10 - TITLE STATEMENT
Title 1967 steam charts
250 ## - EDITION STATEMENT
Edition statement 1st ed.
260 ## - PUBLICATION, DISTRIBUTION, ETC. (IMPRINT)
Place of publication, distribution, etc. London
Name of publisher, distributor, etc. Edward Arnold
Date of publication, distribution, etc. 1967
300 ## - PHYSICAL DESCRIPTION
Extent vii, 64 p. (chiefly illus., part col.)
Dimensions 31 cm.
650 #0 - SUBJECT ADDED ENTRY--TOPICAL TERM
Topical term or geographic name as entry element Steam
942 ## - ADDED ENTRY ELEMENTS (KOHA)
Koha item type Corporate Publication
Holdings
Koha date last seen Damaged status Sublocation or collection (holding branch) Piece designation (barcode) Price effective from Source of classification or shelving scheme Withdrawn status Koha normalized classification for sorting Not for loan Koha item type Lost status Location (home branch) Copy number Shelving location Koha full call number Date acquired
2015-04-12 Central Library, BUET182952015-04-12  621_101084000000000_ELE_1967 Corporate Publication Central Library, BUET1Circulation section621.101084/ELE/19672015-04-12
2015-04-12 Central Library, BUET182932015-04-12  621_101084000000000_ELE_1967 Corporate Publication Central Library, BUET2Circulation section621.101084/ELE/19672015-04-12
2015-04-12 Central Library, BUET131662015-04-12  621_101084000000000_ELE_1967 Corporate Publication Central Library, BUET3Circulation section621.101084/ELE/19672015-04-12
2015-04-12 Central Library, BUET131622015-04-12  621_101084000000000_ELE_1967 Corporate Publication Central Library, BUET4Circulation section621.101084/ELE/19672015-04-12
2015-04-12 Central Library, BUET182972015-04-12  621_101084000000000_ELE_1967 Corporate Publication Central Library, BUET5Circulation section621.101084/ELE/19672015-04-12
2015-04-12 Central Library, BUET182962015-04-12  621_101084000000000_ELE_1967 Corporate Publication Central Library, BUET6Circulation section621.101084/ELE/19672015-04-12
2015-04-12 Central Library, BUET182942015-04-12  621_101084000000000_ELE_1967 Corporate Publication Central Library, BUET7Circulation section621.101084/ELE/19672015-04-12
2015-04-12 Central Library, BUET183002015-04-12  621_101084000000000_ELE_1967 Corporate Publication Central Library, BUET8Circulation section621.101084/ELE/19672015-04-12
2015-04-12 Central Library, BUET131632015-04-12  621_101084000000000_ELE_1967 Corporate Publication Central Library, BUET9Circulation section621.101084/ELE/19672015-04-12
2015-04-12 Central Library, BUET182992015-04-12  621_101084000000000_ELE_1967 Corporate Publication Central Library, BUET10Circulation section621.101084/ELE/19672015-04-12
2015-04-12 Central Library, BUET131652015-04-12  621_101084000000000_ELE_1967 Corporate Publication Central Library, BUET11Circulation section621.101084/ELE/19672015-04-12
2015-04-12 Central Library, BUET183022015-04-12  621_101084000000000_ELE_1967 Corporate Publication Central Library, BUET12Circulation section621.101084/ELE/19672015-04-12
2015-04-12 Central Library, BUET183012015-04-12  621_101084000000000_ELE_1967 Corporate Publication Central Library, BUET13Circulation section621.101084/ELE/19672015-04-12